| 000 | 00826nam a2200265 a 4500 | ||
|---|---|---|---|
| 001 | BRCA_5656 | ||
| 005 | 20190320205153.0 | ||
| 008 | 220211t1912----gw-a######---#000-0#ger-# | ||
| 041 | _ager | ||
| 044 | _agw | ||
| 050 | 4 |
_aNE654.D8 _b.L45 1912 |
|
| 100 | 1 |
_aLeitschuh, Franz Friedrich _d1865-1924 _914377 |
|
| 245 | 1 | 0 |
_aAlbrecht Durers gamtliche Kupferstiche ... _cvon Franz Friedrich Leitschuh. |
| 250 | _a4 | ||
| 260 |
_aLeipzig, Alemania _bSchumann _cc1912 |
||
| 300 |
_a1 v. (sin paginación) _bil., 107 láminas _c44 cm. |
||
| 500 | _aIncluye índice de láminas | ||
| 500 | _aEdición con cantos dorados | ||
| 500 | _aEstado físico: la tapa sufre de perdida de plano | ||
| 500 | _aF128 | ||
| 600 | 1 | 4 |
_aDurer, Albrecht _d1471-1528 _948 |
| 650 | 1 | 4 |
_aGrabadores alemanes _97216 |
| 902 | _aGFM | ||
| 942 |
_2lcc _cB |
||
| 999 |
_c5349 _d5349 |
||